| 000 | 01071cam a2200289 i 4500 | ||
|---|---|---|---|
| 001 | xx005212520 | ||
| 003 | NUKAT | ||
| 005 | 20260129225200.0 | ||
| 008 | 210929s1910 gw g |001 0 ger c | ||
| 035 | _a(OCoLC)1273298737 | ||
| 035 | _a(NUKAT)xx005212520 | ||
| 040 |
_aWR 004/EM _bpol _erda _cWR 004/EM _dWR 194/JW |
||
| 100 | 1 |
_aCathrein, Victor _d(1845-1931). _eAutor _936008 |
|
| 240 | 1 | 0 |
_aSozialismus _l(niem.) |
| 245 | 1 | 4 |
_aDer Sozialismus : _beine Untersuchung seiner Grundlagen und seiner Durchführbarkeit / _cvon Viktor Cathrein. |
| 250 | _aZehnte bedeutend umgearbeitete und vermehrte Auflage. (21.-23. Tausend). | ||
| 260 |
_aFreiburg im Breisgau : _bHerdersche Verlagshandlung, _c1910. |
||
| 300 |
_aXVIII, 520 stron ; _c20 cm. |
||
| 336 |
_aTekst _btxt _2rdacontent |
||
| 337 |
_aBez urządzenia pośredniczącego _bn _2rdamedia |
||
| 338 |
_aWolumin _bnc _2rdacarrier |
||
| 500 | _aCzcionka gotycka. | ||
| 504 | _aIndeks. | ||
| 650 | 7 |
_aSocjalizm. _2kaba _933085 |
|
| 710 | 2 |
_aHerdersche Verlagsbuchhandlung. _eWydawca _4pbl _936009 |
|
| 942 |
_2ddc _cBK_NM |
||
| 999 |
_c26451 _d26451 |
||